| 000 | 00713nam a2200241 a 4500 | ||
|---|---|---|---|
| 001 | 30655 | ||
| 003 | BD-RjUL | ||
| 005 | 20211209051609.0 | ||
| 008 | 170103m19601955nyua 001 0 eng d | ||
| 035 | _a(BD-RjUL)30742 | ||
| 040 |
_aDLC _cIDeKN _dBD-RjUL _beng |
||
| 041 | _aeng | ||
| 082 | 0 | 4 |
_a151.2 _bFRT 1960 _223 |
| 100 | 1 |
_aFreeman, Frank S. _917274 |
|
| 245 | 1 | 0 |
_aTheory and practice of psychological testing / _cFrank s. Freeman |
| 250 | _aRev. ed. | ||
| 260 |
_aNew York : _bHolt, _c1955 [reprinted 1960]. |
||
| 300 |
_axvi, 609 p. : _bill ; _c22 cm. |
||
| 500 | _aincludes index. | ||
| 650 | 0 |
_aPsychological tests. _993134 |
|
| 650 | 0 |
_aEducational tests and measurements. _9181266 |
|
| 942 |
_2ddc _cBK |
||
| 999 |
_c30655 _d30655 |
||